00605nam a22001817a 450000500170000001000150001702000260003202000220005803500130008003700130009308200150010610000270012124500870014826000460023527000650028130000260034650000510037220150410150221.0 aENG-112391 a9780199450466c895.00 a199450463c895.00 aEN-95923 bDBAD/PUB a954.035092 aSyeda Saiyidain Hameed aMaulana Azad, Islam and the Indian National Movement / cby Syeda Saiyidain Hameed aNew Delhi bOxford University Pressc2014 aYMCA Library Building, 1 Jai Singh Road, bNew Delhie110001 axxxii,292p.c23cm(Hb) aIncludes bibliographical references and index